<?xml version="1.0" encoding="UTF-8"?>
<collection xmlns="http://www.loc.gov/MARC21/slim">
  <record>
    <leader>00000nam  2200000   4500</leader>
    <controlfield tag="001">INLIS000000000015990</controlfield>
    <controlfield tag="005">20231011115811</controlfield>
    <datafield tag="035" ind1="#" ind2="#">
      <subfield code="a">0010-1023000072</subfield>
    </datafield>
    <controlfield tag="007">ta</controlfield>
    <controlfield tag="008">231011################g##########0#ind##</controlfield>
    <datafield tag="020" ind1="#" ind2="#">
      <subfield code="a">978-602-03-0504-2</subfield>
    </datafield>
    <datafield tag="082" ind1="#" ind2="#">
      <subfield code="a">158.4</subfield>
    </datafield>
    <datafield tag="084" ind1="#" ind2="#">
      <subfield code="a">158.4 FAR k</subfield>
    </datafield>
    <datafield tag="100" ind1=" " ind2="#">
      <subfield code="a">Farid Poniman</subfield>
    </datafield>
    <datafield tag="245" ind1="1" ind2="#">
      <subfield code="a">Kubik Leadership :</subfield>
      <subfield code="b">Solusi esensial meraih sukses dan hidup mulia /</subfield>
      <subfield code="c">Farid Poniman, Indrawan Nugroho dan Jamil Azzaini</subfield>
    </datafield>
    <datafield tag="250" ind1="#" ind2="#">
      <subfield code="a">Ed. Revisi. Cet. 8</subfield>
    </datafield>
    <datafield tag="260" ind1="#" ind2="#">
      <subfield code="a">Jakarta :</subfield>
      <subfield code="b">Gramedia Pustaka Utama,</subfield>
      <subfield code="c">2018</subfield>
    </datafield>
    <datafield tag="300" ind1="#" ind2="#">
      <subfield code="a">xvii, 382 hal. :</subfield>
      <subfield code="b">ilus ;</subfield>
      <subfield code="c">23 cm</subfield>
    </datafield>
    <datafield tag="700" ind1=" " ind2="#">
      <subfield code="a">Indrawan Nugroho</subfield>
    </datafield>
    <datafield tag="700" ind1=" " ind2="#">
      <subfield code="a">Jamil Azzaini</subfield>
    </datafield>
    <datafield tag="856" ind1="#" ind2="#">
      <subfield code="a">Perpustakaan LAN Pusat</subfield>
    </datafield>
    <datafield tag="650" ind1="#" ind2="4">
      <subfield code="a">kepemimpinan</subfield>
    </datafield>
    <datafield tag="520" ind1="#" ind2="#">
      <subfield code="a">Kepemimpinan dalam kubik leaderhip adalah kemampuan untuk menentukan ke mana hidup akan kita arahkan, apa saja yang ingin kita lakukan dalam hidup ini, dan jalan mana yang harus kita tempuh untuk mencapainya. Dalam kubik leadership  terdapat 3 dimensi yang terdiri dari 3 sumbu x,y,z. Ketiga sumbu tersebut mengacu pada tiga anatomi kepemimpinan terhadap keyakinan, aksi dan pekerti. Dalam konsep kubik leadership, yang dimaksud dengan keyakinan adalah seperangkat prinsip dan nilai yang sekaligus menjadi misi suci hidup kita, Aksi adalah aktivitas nyata yang didasarkan pada seperangkat aturan hidup. sedangkan pekerti adalah sikap mental yang melahirkan kecenderungan perilaku sehari-hari.</subfield>
    </datafield>
    <datafield tag="990" ind1="#" ind2="#">
      <subfield code="a">220619683</subfield>
    </datafield>
    <datafield tag="990" ind1="#" ind2="#">
      <subfield code="a">220619684</subfield>
    </datafield>
  </record>
</collection>
